000 00845nam a2200193 i 4500
001 163778
003 ES-MaACL
005 20251011063148.0
008 050718s1899 cu |||| | spa d
100 1 _aRodríguez García, José Antonio,
_d1864-1934
_998540
245 1 0 _aEnsayo de un programa para la enseñanza gradual de la lengua castellana /
_cpor José A. Rodríguez García.
260 _aHabana :
_b[s.n.],
_c1899 (
_fTip. de "Los niños huérfanos")
300 _a198 p. ;
_c22 cm.
490 1 _aEnsayos didácticos. Primera serie: programas ;
_v7
650 4 _aLengua española-
_vProgramas de estudio.
_9162870
830 0 _aEnsayos didácticos. Primera serie: programas ;
_v7
_9222300
852 _aES-MaACL
_jT-935-F-2
_z- Enc. hol., conservando cub. original
_z- Enc. en un vol. facticio
999 _c163778
_d163778